000 00646nam a2200265Ia 4500
005 20260121173308.0
008 008 260114s9999 xx 000 0 eng d
020 _a9783031008160
037 _aEBOOK
040 _aCRL
040 _beng
040 _cCRL
041 _2eng
041 _aeng
084 _qCRL
100 _aGeoffrey D. Klinger, Jennifer Adams, Kevin Howley
_91099093
245 0 _aMoney Talks
260 _bSpringer
260 _bSpringer
260 _c2022
856 _uhttps://link.springer.com/openurl?genre=book&isbn=978-3-031-00816-0
942 _cEBOOK
999 _c1664837
_d1664837